Statistics for American Football Positions Quiz

Click here to take the quiz!

General Stats

  • This quiz has been taken 83,694 times
    (54,444 since last reset)
  • The average score is 19 of 24

Answer Stats

Abbrev. Position % Correct
QBQuarterback
98%
CCenter
95%
KKicker
93%
RBRunning Back
93%
TETight End
93%
WRWide Receiver
93%
RGRight Guard
91%
LGLeft Guard
91%
FBFullback
91%
LTLeft Tackle
90%
RTRight Tackle
90%
PPunter
89%
DEDefensive End
88%
LBLinebacker
86%
DTDefensive Tackle
85%
CBCornerback
82%
KRKick Returner
70%
FSFree Safety
68%
SSStrong Safety
67%
NTNose Tackle
55%
LSLong Snapper
51%
TBTailback
41%
NBNickelback
31%
FLFlanker
25%

Score Distribution

Percentile by Number Answered

Percent of People with Each Score

Your Score History

You have not taken this quiz since the last reset